| 000 | 00670nam a2200217Ia 4500 | ||
|---|---|---|---|
| 003 | GCL | ||
| 005 | 20240530094823.0 | ||
| 008 | 140319s9999 xx 000 0 ara d | ||
| 040 |
_aGCL / _cGCL |
||
| 082 | 0 | 4 |
_a910.45 _bم ت |
| 100 | 1 | _aماخوفسكى، ياتسيك | |
| 245 | 1 | 0 |
_aتاريخ القرصنة فى العالم / _cماخوفسكى، ياتسيك |
| 250 | _aالاولى | ||
| 260 |
_aالقاهرة : _bدار شرقيات للنشر ، _c1995 |
||
| 300 |
_a238 ص ؛ _c24 سم |
||
| 650 | 0 | 4 | _aالسفن التجارية |
| 650 | 0 | 4 | _aالتاريخ البحرى |
| 650 | 0 | 4 | _aالقراصنة |
| 650 | 0 | 4 | _aالقرصنة |
| 942 |
_2ddc _cBK |
||
| 999 |
_c1351 _d1351 |
||